000 01093cam a2200241u 4500
999 _c127809
_d127809
001 10351284
003 ARRUPE
005 20180327093816.0
008 860714n xx 000 0 eng
010 _ar 67001052
040 _aDLC
_cCarP
_dDLC
050 _aPR1869
_b.C697
100 1 _aChaucer, Geoffrey,
_d-1400.
_920532
245 1 0 _aPrologue to the Canterbury tales.
_bGeoffrey Chaucer
260 _aCape Town
_bCollege of Careers
_c1972
300 _a46p. ;
_c22cm.
440 _aStudy-Aid series
_n320
_941087
500 _aThe English poets from Chaucer to Yeats.
500 _aRead in Middle English by Nevill Coghill, Norman Davis, and John Burrow.
500 _a"Recorded in association with the British Council and Oxford University Press; directed by George Rylands."
500 _aExcerpts from works by Hoccleve, Spenser, Dryden, and Blake, and "The language of Chaucer, by Norman Davis" on slipcase; text of the recording, with glossary ([8] p.) inserted.
600 _aChaucer, Geoffrey .
_x Canterbury tales
_941088
650 0 _aChristian pilgrims and pilgrimages
_vPoetry.
_927862
700 1 _aCoghill, Nevill,
_d1899-1980.
_941089
740 0 _aCanterbury tales.
906 _a0
_bcbc
_cpremunv
_du
_encip
_f19
_gy-gencatlg
942 _2lcc
_cMONOGRAPH